| 000 | 00408nam a2200181Ia 4500 | ||
|---|---|---|---|
| 008 | 210210b1921 xxu||||| |||| 00| 0 eng d | ||
| 041 | _aeng | ||
| 082 | _a822/495 | ||
| 100 | _aGOSSE (Edmund) | ||
| 245 | _aBooks on the table | ||
| 260 |
_aLondon _bWilliam Heinemann Ltd. _c1921 |
||
| 650 | _athe | ||
| 650 | _atable | ||
| 650 | _aon | ||
| 650 | _aBooks | ||
| 690 | _aEnglish Prose | ||
| 906 | _a012681 | ||
| 999 |
_c131492 _d131492 |
||